01363nam a2200349 i 450000100060000000300090000600500170001500800390003201500160007104000280008704100130011508000100012810000450013824500630018324600390024626000470028530000490033233600270038133700540040833800280046238000170049050001620050765800220066965800510069165800130074265000130075571000690076885600980083794200120093599900170094795200490096413723KOSZ 00520191214090758.0081009s1951 pl a g 000 0 pol aPB 1952/147 aWA NcWA NdKOSZ 005/RW1 apolhrus a335.51 aLenin, Włodzimierzd(1870-1924).eAutor10aDzieła.nT. 25,pczerwiec-wrzesień 1917 /cW. I. Lenin. iTytuł orginału :aSočineniâ  aWarszawa :b"Książka i Wiedza",c1951. aVIII, 575, [1] stron :bilustracje ;c20 cm. aTekstbtxt2rdacontent aBez urządzenia pośredniczącegobn2rdamedia aWoluminbnc2rdacarrier aKsiążki. aPrzekład z 4 wydania rosyjskiego przygotowany przez Instytut Marksa - Engelsa - Lenina przy KC WKP. Wydanie polskie drukuje się na mocy uchwały KC PZPR.  aFilozofia i etyka aPolityka, politologia, administracja publiczna aHistoria 4aMarksizm2 aSpółdzielnia Wydawniczo-Handlowa "Książka i Wiedza"4pbl. uhttp://koha.tu.koszalin.pl/cgi-bin/koha/opac-detail.pl?biblionumber=13723yKatalog online BPK 2UKDcKS c13723d13723 00104070aBPKbBPKcwo11155p01754452yKS